| 000 | 00349nam a22001337a 4500 | ||
|---|---|---|---|
| 082 | _aP-757 | ||
| 100 |
_aMuhammad Usman _94544 |
||
| 245 | _aDevelopment of Geo Technical profile of Pakistan | ||
| 260 |
_aRisalpur, _bMCE, _c2017. |
||
| 300 |
_a116p. _bSyn#14 |
||
| 526 |
_a0 _b0 _c0 _dP_757 |
||
| 700 |
_aBrig Dr Sarfraz ali _951253 |
||
| 942 |
_2ddc _cBK |
||
| 999 |
_c553984 _d553984 |
||